Sports Quiz

Random Sports or Football Quiz

2002 Belgium Squad Quiz Stats

 Plays Quiz not verified by Sporcle

Challenge
Share
Tweet
Embed
Score 0/24 Timer 08:00
0 Plays Today
Number Name % Correct
22Mbo Mpenza
81%
9Wesley Sonck
80.1%
10Johan Walem
63.5%
N/A Robert Waseige
62.6%
11Geert Verheyen
62.1%
6Timmy Simons
61.6%
1Geert De Vlieger
61.1%
8Bart Goor
58.8%
2Eric Deflandre
55.5%
12Peter Vanderheyden
51.2%
15Jacky Peeters
45%
18Yves Vanderhaeghe
44.1%
Number Name % Correct
20Branko Strupar
44.1%
16Daniel Van Buyten
42.7%
23Frederic Herpoel
39.3%
4Eric Van Meir
37.4%
5Nico Van Kerckhoven
36.5%
3Glen De Boeck
34.6%
13Franky Vandendriessche
31.8%
14Sven Vermant
31.3%
21Danny Boffin
28%
17Gaetan Englebert
27%
19Bernd Thijs
21.8%
7Marc Wilmots (captain)
7.6%

You're not logged in!

Compare scores with friends on all Sporcle quizzes.
OR
Log In

You Might Also Like...

Show Comments

Extras

Top Quizzes Today


Score Distribution

Your Account Isn't Verified!

In order to create a playlist on Sporcle, you need to verify the email address you used during registration. Go to your Sporcle Settings to finish the process.

Report this User

Report this user for behavior that violates our Community Guidelines.

Details: